000 00531nam a2200169 i 4500
001 64363
003 ES-MaACL
005 20230906165118.0
007 t|
008 031223s1969 cl ||||1| spa d
100 1 _aFoex, Jean-Albert.
_951407
245 1 0 _aHistoria submarina de los hombres /
_cJean-Albert Foex ; [traducción de Antonio Ribera].
260 _aSantiago de Chile :
_bPomaire,
_c[1969]
300 _a206 p., 20 lám. :
_bil. ;
_c20 cm.
700 1 _aRibera, Antonio.
_996769
852 _aES-MaACL
_jC-39450
_bR.70459
999 _c64363
_d64363